| 000 | 00469nam a2200181Ia 4500 | ||
|---|---|---|---|
| 008 | 230917s9999||||xx |||||||||||||| ||und|| | ||
| 020 | _cGBP37.99 | ||
| 040 |
_e244774 _aMAIN |
||
| 041 | _aEnglish | ||
| 082 | _a306.36 I6U(2) | ||
| 100 | _aInkson, Kerr | ||
| 245 | 0 | _aUnderstanding careers | |
| 250 | _a2nd ed. | ||
| 260 |
_aLondon _bSage Publications _c2015 |
||
| 300 | _axxiii, 406 p. | ||
| 500 | _a3006 17/01/2018 HBD18/7316 06/03/2018 IHTM (SFS) | ||
| 942 | _cBK | ||
| 999 |
_c25431 _d25431 |
||